000 00970nam a2200301 i 4500
001 115630
003 ES-MaACL
005 20230906190521.0
007 t|
008 070418s1968 sp ||||1| spa d
080 _a633.71
080 _a633.63
080 _a633.85
080 _a633.861.2
110 2 _aEspaña.
_bDirección General de Capacitación Agraria.
_93712
245 1 0 _aDiez temas sobre plantas industriales /
_cpor José Alarcón Molina [y otros].
260 _aMadrid :
_bMinisterio de Agricultura,
_c1968.
300 _a192 p. :
_bil. ;
_c21 cm.
490 1 _aPublicaciones de Capacitación Agraria ;
_v375
650 4 _aTabaco.
_917271
650 1 4 _aRemolacha.
_916842
650 1 4 _aPlantas oleaginosas.
_916124
650 1 4 _aAzafrán (Planta)
_910467
700 1 _aAlarcón Molina, José.
_919142
830 0 _aPublicaciones de Capacitación Agraria ;
_v375
_9186746
852 _aES-MaACL
_jC-49902
_bR.68828
999 _c115630
_d115630